[Event "Reggio Emilia 53rd"]
[Site "Reggio Emilia"]
[Date "2011.01.03"]
[Round "6"]
[White "Morozevich, Alexander"]
[Black "Onischuk, Alexander"]
[Result "0-1"]
[WhiteElo "2700"]
[BlackElo "2683"]
[Annotator "Krasenkow,M"]
[PlyCount "94"]
[EventDate "2010.12.28"]
[EventType "tourn"]
[EventRounds "9"]
[EventCountry "ITA"]
[EventCategory "18"]
[SourceTitle "CBM 140"]
[Source "ChessBase"]
[SourceDate "2011.01.18"]
[SourceVersion "1"]
[SourceVersionDate "2011.01.18"]
[SourceQuality "1"]

1. d4 d5 2. c4 e6 3. Nc3 Be7 4. cxd5 exd5 5. Bf4 Nf6 6. e3 Bf5 7. Qb3 Nc6 8. g4
$5 {This idea of Veselin Topalov was condemned by GM P.Lukacs and IM L.Hazai
in their theoretical article in CBM 136 (annotations to the stem game Topalov
- Kasparov). However, in the present game Black was taken aback by the choice
of Alexander Morozevich and decided to avoid any theoretical discussions.} (8.
Qxb7 {is the main theoretical line.}) 8... Bc8 $6 (8... Bxg4 9. Qxb7 Nb4 10.
Rc1 Bf5 11. Bxc7 Qc8 12. Qxc8+ Rxc8 13. Be5 $14 {1-0 Aleksandrov,A (2617)
-Dobrowolski,A (2335)/Warsaw 2008/CBM 127 Extra (40)}) (8... Nxg4 {is the
crucial move:} 9. a3 $5 (9. Nxd5 $6 O-O 10. Bg2 Bh4 $1 11. Bg3 Be6 {[%cal
Rc6a5]} 12. Kf1 $1 a5 $1 13. Nh3 a4 14. Qc4 Na5 15. Qc5 b6 16. Bxh4 bxc5 17.
Bxd8 Raxd8 18. Ne7+ Kh8 19. d5 Bd7 $17 {0-1 Topalov,V (2725)-Kasparov,G (2795)/
Linares 1997/CBM 136 [Lukacz/Hazai] (39)}) (9. Qxd5 Qc8 {[%csl Rd5]}) 9... O-O
10. Bg2 Bh4 11. Bg3 Bxg3 (11... Be6 $5) (11... Re8 $5) 12. hxg3 Ne7 13. Nxd5
Nxd5 14. Qxd5 Qxd5 15. Bxd5 Rad8 16. Bxb7 Rb8 17. Bf3 Rxb2 18. Ne2 $11 {
1/2 Aleksandrov,A (2660)-Azmaiparashvili,Z (2645)/Groningen 1997/EXT 1999 (37)}
) 9. h3 $14 {[%csl Rc6] The position of the black knight on c6 now makes no
sense.} (9. g5 {is premature due to} Nh5 $13) 9... Bd6 {A desperate move; now
the black d5 pawn will be lost.} (9... Na5 10. Qc2 c6 11. O-O-O Be6 12. Kb1 Rc8
13. Bd3 b5 14. Nge2 Nc4 15. Bg3 Qa5 16. Nf4 Bb4 17. Nce2 c5 18. g5 $16 {
1-0 Bocharov,D (2618)-Rychagov,A (2538)/Irkutsk 2010/CBM 138 (25)}) 10. Bxd6
cxd6 (10... Qxd6 11. g5 Ne4 12. Qxd5 $16) 11. Nge2 h5 12. g5 Ne4 13. h4 $1 O-O
14. Bg2 Bg4 15. Nf4 Rc8 16. Qxd5 $16 {The white king is uncastled but still
safe enough so Black does not have sufficient compensation for the missing
pawn.} Nxc3 17. bxc3 Ne7 18. Qb3 Nf5 19. g6 $2 {Unnecessarily giving the pawn
back.} (19. f3 {was good enough, parrying Black's attack after} Nxe3 20. fxg4
Qe8 (20... Re8 21. Kf2 Nxg4+ 22. Kg1) 21. Kd2 Nc4+ 22. Kc2 Qe3 23. Raf1 $16) (
19. Bd5 {[%csl Gd5] was another decent option.}) 19... Nxh4 20. Bd5 Nf3+ 21.
Bxf3 Bxf3 22. Rh3 Bg4 23. Rg3 Rc6 24. Rc1 d5 $5 {[%mdl 512] Once again Black
gives up a pawn to open up the line against the white king. He had an
alternative:} (24... Rb6 25. Qd5 Rb2 $1 {e.g.} 26. Nxh5 Re2+ 27. Kf1 Bxh5 28.
Qxh5 Rxf2+ $1 29. Kxf2 fxg6+ 30. Qf3 Qa5 {with a probable draw.}) 25. Qxd5 Rd6
26. Qxb7 fxg6 27. Qb3+ Rf7 28. c4 $6 (28. Nd3 $13 {was quite solid.}) 28...
Rxf4 $1 {After this exchange sacrifice the white king becomes really
vulnerable!} 29. exf4 (29. c5+ $5 Be6 30. Qc3 Rdxd4 31. exd4 Qd5 32. c6 h4 $44)
29... Rxd4 30. c5+ Kh7 31. Kf1 Rxf4 32. Qe3 Qf6 $6 (32... Rd4 $5 $44 33. c6
$140 Rd1+ 34. Rxd1 Qxd1+ 35. Kg2 h4) 33. c6 Bc8 34. Kg1 h4 35. Rg2 Qd6 36. Qc5
Qd2 37. Qc2 (37. Rc4 $1 {forces the rook exchange, with winning chances for
White.}) 37... Qd6 38. Rd1 (38. c7 $5) 38... Qe6 39. Qc3 $2 {[%mdl 8192] Just
blundering the crucial c6-pawn.} (39. Rc1 $8 $13) 39... Rc4 40. Qa5 $2 (40. Qf3
Rxc6 41. Rd4 $1 Rc4 42. Qf4 {, and White should hold on.}) 40... Qxc6 {[%cal
Rc8b7]} 41. Qg5 $2 (41. Qd5 $8 Qxd5 42. Rxd5 Bb7 43. Ra5 Bxg2 44. Kxg2 {
gaining a crucial tempo compared to the game. Still, White can hardly survive
after} Kh6 45. Rxa7 g5) 41... Bh3 $19 {Regaining the exchange and liquidating
into a winning rook ending.} 42. Qd5 Qxd5 43. Rxd5 Bxg2 44. Kxg2 Ra4 45. Kh3
Kh6 46. f3 g5 47. Rd2 Kh5 0-1

[Event "WchT 11th"]
[Site "Khanty-Mansiysk"]
[Date "2017.06.24"]
[Round "7.2"]
[White "Onischuk, Alexander"]
[Black "Yilmaz, Mustafa"]
[Result "1-0"]
[WhiteElo "2685"]
[BlackElo "2630"]
[Annotator "Krasenkow,M"]
[PlyCount "83"]
[EventDate "2017.06.17"]
[EventType "team-tourn"]
[EventRounds "9"]
[EventCountry "RUS"]
[SourceTitle "CBM 179"]
[Source "ChessBase"]
[SourceDate "2017.07.12"]
[SourceVersion "1"]
[SourceVersionDate "2017.07.12"]
[SourceQuality "1"]
[WhiteTeam "US of America"]
[BlackTeam "Turkey"]
[WhiteTeamCountry "USA"]
[BlackTeamCountry "TUR"]

1. d4 Nf6 2. c4 e6 3. Nc3 d5 4. cxd5 exd5 5. Bg5 c6 6. e3 Be7 7. Bd3 Nbd7 8.
Nf3 Ne4 9. Bf4 Ndf6 10. Qc2 O-O 11. Ne5 ({It is well known that White should
not accept this pawn sacrifice:} 11. Bxe4 dxe4 12. Nxe4 Nxe4 13. Qxe4 g5 14.
Bg3 f5 15. Qe5 {(otherwise Black wins a piece without White having sufficient
compensation)} f4 $1 16. exf4 g4 17. Nd2 (17. Ng1 Bb4+ 18. Kf1 Bf5 $40) 17...
Bf6 18. Qh5 Qe7+ 19. Kf1 Bxd4 $40) (11. O-O {is, however, more common. Still,
Black reaches equality without major problems:} Bf5 (11... Nd6 12. h3 g6 13.
Rac1 Nh5 14. Be5 Ng7 15. Qb3 Qb6 16. Nd2 Bf5 17. Be2 Rae8 18. Rfd1 Nc8 19. Na4
Qxb3 20. Nxb3 f6 21. Bh2 Bd6 22. Nbc5 Bxh2+ 23. Kxh2 Nd6 24. Nc3 Bc8 $11 {
1-0 (58) Berkes,F (2665)-Duda,J (2587) Budapest 2014}) (11... Bd6 $5 12. Bxd6 (
12. Bxe4 Nxe4 13. Nxe4 Bxf4 $1 14. exf4 dxe4 15. Qxe4 Re8 16. Qd3 Qf6 $132 {
L.Ftacnik}) 12... Nxd6 13. Ne5 g6 $11 {[%cal Yc8f5] 0-1 (41) Steiner,H-Denker,
A New York 1946 MCL [Ftacnik,L]}) 12. Ne5 (12. Ng5 Nxg5 13. Bxf5 Ne6 14. Be5 (
14. Bg3 g6 15. Bd3 Rc8 16. Rfd1 Nh5 $11 {0-1 (66) Sarana,A (2372)-Artemiev,V 
(2636) Loo 2014}) 14... g6 15. Bxe6 fxe6 16. e4 Ng4 17. Bg3 Bh4 18. Qd3 Bxg3
19. Qxg3 Nf6 20. Qe5 Qd7 21. Rae1 Rae8 $11 {1/2 (42) Stefansson,H (2539)
-Laznicka,V (2677) Warsaw 2013}) 12... g6 13. f3 (13. Na4 Re8 {1/2 (13)
Harikrishna,P (2646)-Dreev,A (2660) Sestao 2010}) (13. Nxe4 Bxe4 14. Rad1 Kg7
15. h3 Bd6 16. Qb3 Bxd3 17. Rxd3 Qc7 18. Rc1 Rfc8 19. Rdc3 Ne8 {1/2 (19)
Rajkovic,D (2374)-Blagojevic,D (2459) Belgrade 2016}) 13... Nd6 14. Rad1 Bxd3
15. Rxd3 Qa5 $5 (15... Nh5 $6 16. Bh6 Re8 17. e4 Bg5 $6 18. Bxg5 Qxg5 19. f4
$16 {1-0 (59) Navara,D (2742)-Hammer,J (2651) Novy Bor 2016}) 16. Rdd1 Rac8 17.
Kh1 Nb5 18. Na4 Nh5 19. Bh6 Rfe8 20. f4 Nf6 21. f5 Ne4 $132 {0-1 (42) Salgado
Lopez,I (2638)-Navara,D (2691) Istanbul 2012}) 11... Nxc3 (11... Re8 $5 12. O-O
Bd6 13. f3 Nxc3 14. bxc3 h6 15. Rae1 c5 16. Bg3 Qc7 17. e4 cxd4 18. cxd4 Qxc2
19. Bxc2 Be6 $11 {1/2 (46) Bacrot,E (2725)-Mamedyarov,S (2753) Geneve 2013}) (
11... Be6 12. f3 Nxc3 13. bxc3 c5 14. Rb1 Qc8 15. g4 c4 16. Be2 $6 (16. Bf5 $11
) 16... Ne8 17. g5 Nd6 $17 {[%csl Re5][%cal Yf7f6] 0-1 (39) Indjic,A (2536)
-Blagojevic,D (2524) Cetinje 2013}) 12. bxc3 c5 13. O-O (13. dxc5 Bxc5 14. O-O
h6 15. Nf3 Qe7 16. c4 Be6 17. cxd5 Bxd5 18. Bc4 Rac8 19. Bxd5 Nxd5 $11 {
0-1 (31) Vitiugov,N (2725)-Navara,D (2734) Berlin 2015}) 13... c4 14. Be2 Ne4
15. f3 Nd6 16. e4 Be6 (16... f6 {was possible, too:} 17. Ng4 Bxg4 18. fxg4 (18.
Bxd6 Bxd6 19. fxg4 Qc7 20. h3 dxe4 21. Qxe4 Rae8 22. Qd5+ Kh8 23. Bxc4 Re3 $44)
18... Nxe4 (18... dxe4 $143 19. Bxd6 Bxd6 20. Bxc4+ Kh8 21. g3) 19. Rae1 (19.
Bxc4 Rc8 20. Qxe4 Rxc4 21. Qe6+ Rf7 22. Rf3 Bf8 $15 {[%cal Yd8d7]}) 19... b5
20. Bf3 Bd6 $11) 17. Rae1 Rc8 $11 {Black has a strong hold on the centre, and
it is difficult for White to use his pawn advantage there.} 18. h3 Bh4 19. Rb1
Re8 $6 (19... b6 $5 20. Ng4 $140 f5 21. exd5 $4 fxg4) 20. Ng4 dxe4 $6 (20... f5
{was still possible but White kept a small plus after} 21. exd5 $1 Bf7 (21...
Bxd5 22. Ne3 Bf7 23. Bxd6 Rxe3 24. Bf4 Re7 25. Be5 $14) 22. Ne5 Bxd5 23. Bd1
$14 {[%csl Ge5][%cal Yc2b2,Yd1c2]}) 21. Bxd6 $6 ({Both players missed} 21. fxe4
Nxe4 22. Nh6+ $1 gxh6 23. Qxe4 $14) 21... exf3 22. Bxf3 Qxd6 23. Rxb7 Bd8 24.
Ne5 Bb6 25. Kh1 Rc7 26. Rxc7 Bxc7 {[%cal Rf7f6,Gc7h2] The initiative belongs
to Black but it is far from deadly.} 27. Be4 $6 ({It was more appropriate for
White to try to trade light-squared bishops and therefore secure the f3 square
for his knight:} 27. Qa4 Rb8 28. Bg4 Bd5 (28... f6 29. Bxe6+ Qxe6 30. Qxc4) 29.
Bf3 $1 $11) (27. Bg4 $143 f6 28. Bxe6+ Qxe6 29. Nf3 Qe2) 27... g6 28. Qa4 Re7 (
28... Rb8 $1 $17 {[%cal Gb8b2]}) 29. Qc6 Qd8 30. Qc5 Re8 {It was probably time
to renounce attempts at using the b8-h2 diagonal and try to liquidate to a
slightly better endgame:} (30... Bxe5 {, and White, to avoid that, should give
up a pawn:} 31. Qxe5 (31. dxe5 Qc7 32. Qxc7 Rxc7 {[%csl Ra2,Rc3,Re5]}) 31...
Bxh3 32. Qf6 $1 {with good drawing chances.}) 31. Bc6 Rf8 32. Qxa7 Qd6 (32...
Bxe5 33. dxe5 Qd2 34. Qd4 Qxd4 35. cxd4 Rd8 36. Rd1 c3 37. d5 Bxd5 38. Bxd5 c2
39. Rc1 Rxd5 40. Rxc2 Rxe5 $11) 33. Bb7 (33. Qa4 $142 f6 34. Nf3) 33... f6 (
33... Kg7 $5) 34. Nf3 Rb8 35. a4 Qd7 (35... g5 $5 {[%cal Rg5g4]} 36. Qa6 Qxa6
37. Bxa6 $13) (35... Bf7 $5 {[%cal Yg6g5,Yf7h5]}) 36. Qa6 Bf4 $2 $138 {Both
players were under time pressure, and Black had to play for a win to level the
match as the US was leading 1.5-0.5 at this point. Alas, it was difficult to
find a good way.} (36... Bxh3 37. gxh3 Qxh3+ 38. Kg1 $11) (36... Kg7 37. Qc6
$11) 37. Bc6 $2 $138 (37. Re1 Rxb7 (37... Bf7 38. Qxf6) 38. Rxe6 $16) 37... Qc7
$2 (37... Qd6 $142 {but after} 38. d5 Bxd5 39. Bxd5+ Qxd5 40. Qxf6 {Black must
fight hard for a draw.}) 38. d5 $18 {White wins the c4-pawn and the game.} Bf5
39. Qxc4 Qd6 40. Nd4 Be4 41. Nb5 Rxb5 42. Qxe4 1-0

[Event "London Classic 4th"]
[Site "London"]
[Date "2012.12.04"]
[Round "4"]
[White "Nakamura, Hikaru"]
[Black "Adams, Michael"]
[Result "1/2-1/2"]
[WhiteElo "2760"]
[BlackElo "2710"]
[Annotator "Krasenkow,M"]
[PlyCount "137"]
[EventDate "2012.12.01"]
[EventType "tourn"]
[EventRounds "9"]
[EventCountry "ENG"]
[EventCategory "21"]
[SourceTitle "CBM 152"]
[Source "ChessBase"]
[SourceDate "2013.01.15"]
[SourceVersion "1"]
[SourceVersionDate "2013.01.15"]
[SourceQuality "1"]

1. d4 Nf6 2. c4 e6 3. Nf3 d5 4. Nc3 Be7 5. cxd5 exd5 6. Qc2 c6 7. Bf4 g6 {
A typical idea. Black prepares ...Bc8-f5 just in time so that White lacks a
tempo to prevent it by means of e2-e3 and Bf1-d3.} 8. Ne5 {[%cal Yf2f3,Ye2e4]
An ambitious continuation.} (8. e3 Bf5 9. Bd3 {, although played more often,
is essentially harmless}) 8... Bf5 9. Qd2 (9. Qb3 Qb6 $11 {V.Milov}) 9... Ne4 (
9... Nbd7 10. f3 Nxe5 11. Bxe5 O-O 12. g4 Be6 13. h4 Nd7 14. Bg3 Nb6 (14... c5
$5) 15. e3 f5 $6 (15... Rc8 $142 16. Bd3 c5 $132 {[+] V.Milov}) 16. g5 Bf7 17.
O-O-O Nc4 $6 (17... Rc8 $142 18. Be5 c5 19. f4 $36 {[%cal Yh4h5] V.Milov}) 18.
Bxc4 dxc4 19. Be5 $16 {1-0 Kogan,A (2540)-Arencibia Rodriguez,W (2540)/Havana
2002/CBM 089/[Milov,V] (30)}) 10. Nxe4 Bxe4 (10... dxe4 {is equally good:} 11.
e3 g5 $5 (11... f6 12. Nc4 Na6 13. a3 Be6 {1-0 Kogan,A (2504)-Zumsande,M (2360)
/Senden 2000/EXT 2001 (41)} 14. Na5 Qb6 15. Rc1 $14) 12. Bg3 h5 13. h3 h4 14.
Bh2 Nd7 15. Bc4 Nxe5 16. Bxe5 f6 17. Bh2 Qd7 18. Rc1 g4 19. hxg4 Bxg4 20. Bf4
h3 21. gxh3 Rxh3 22. Rxh3 Bxh3 23. Qa5 Qf5 24. Qxf5 Bxf5 25. f3 Kd7 26. Kf2 Rh8
$11 {1/2 Persson,C (2526)-Ugge,A (2528)/ICCF Postal 2002/ICCF CBM 120 (41)})
11. f3 Bf5 12. e4 $1 Be6 (12... dxe4 $6 13. Bc4 O-O 14. fxe4 Bxe4 15. O-O $40)
13. Be2 Nd7 (13... O-O 14. O-O Nd7 15. Nd3 Re8 (15... c5 $1 $11) 16. Be3 dxe4
17. fxe4 Nf6 18. Nf2 a5 19. b3 a4 20. b4 a3 21. Rac1 Qd7 22. b5 $14 {1-0 Kogan,
A (2475)-Barsov,A (2475)/Vlissingen 1996/CBM 053 ext (42)}) (13... f6 14. Ng4
Nd7 (14... Bxg4 15. fxg4 dxe4 16. O-O Qd5 17. Rac1 $36 {V.Milov}) 15. Ne3 (15.
Nh6 $5) 15... Nb6 16. O-O O-O 17. b4 f5 18. exf5 Bxf5 19. a4 Be6 20. Bh6 Rf7
21. a5 Nd7 22. Nd1 Bd6 23. f4 Qe7 24. b5 c5 25. a6 {1/2 Kogan,A-Narciso Dublan,
M/Lisbon 2001/EXT 2002 (25)}) 14. Nd3 (14. Ng4 {is poor now due to} Bxg4 15.
fxg4 Nf6 $1 16. exd5 Nxd5 17. O-O O-O 18. Bh6 Re8 $15 {[%csl Gd5] 0-1 Grooten,
H (2350)-Janssen,R (2513)/Hilversum 2008/EXT 2010 (40)}) 14... O-O 15. Be3 $6 {
GM Hikaru Nakamura tries to prevent ...c6-c5 but loses an important tempo.
Black obtains an even more comfortable position undermining White's pawn
centre from the other flank.} (15. O-O c5 $11) 15... dxe4 16. fxe4 Nb6 17. b3
f5 $1 {[%mdl 32]} 18. Nf4 Qd7 19. d5 {[%mdl 512]} (19. e5 Nd5 20. Nxd5 Bxd5 $15
{[%csl Gd5]}) 19... cxd5 $6 (19... Bf7 $142 {, and White can't complete his
development without material losses:} 20. exf5 Nxd5 $1 21. O-O (21. Nxd5 Bxd5
22. fxg6 hxg6 23. O-O-O $6 Qf5 {[%csl Rc1] is hardly a good idea}) 21... Bb4 (
21... Qxf5 22. Nxd5 Qxd5 23. Qc3 {[%cal Re2c4] is less convincing}) 22. Qd3 (
22. Nxd5 Bxd2 23. Nf6+ Kh8 24. Nxd7 Bxe3+ 25. Kh1 Rfe8 $17 {[%csl Ge3,Gf7]})
22... Qxf5 23. Qxf5 gxf5 24. Nxd5 Bxd5 {with reasonable winning chances for
Black}) 20. e5 $1 {White now has a sufficient compensation for the missing
pawn: blockade on d4 and passive position of Black's pieces. Sooner or later
Black will have to give his material advantage back by means of ...d5-d4.} Bg5
21. Rd1 d4 {At once!} 22. Qxd4 Qxd4 23. Rxd4 Bxf4 {There was no need to hurry
giving up this bishop.} (23... Rfe8 $5 $11 {[%cal Ye6f7]}) 24. Bxf4 Rad8 (24...
Rac8 $5) 25. Rd6 Kf7 26. Kf2 Nd5 27. Bg5 Rxd6 28. exd6 {[%mdl 4096]} h6 29.
Bxh6 Rd8 30. Bf3 Rxd6 $14 {/= White's bishop pair is definitely an advantage
but it is hardly possible to convert it for two reasons: 1) Black's knight has
strongholds in the centre; 2) there are too few pawns on the board.} 31. Rd1
Rd7 32. Kg3 (32. Rd4 $142 b6 33. Bd2 {restricting Black's knight}) 32... b6 33.
a3 Nc3 34. Rxd7+ Bxd7 35. Bf4 Be6 36. Bb8 Bxb3 37. Bxa7 Nb5 38. Bxb6 Nxa3 {
With pawns on the same side Black's defence is trivial.} 39. Kf4 Be6 40. Bc6
Nc4 41. Bd4 Nd6 42. h4 Nc4 43. Bf3 Nd2 44. Bc6 Nc4 45. Bc3 Ke7 46. Bf3 Kf7 47.
Bd1 Bd5 48. g3 Be6 49. h5 gxh5 50. Bxh5+ Ke7 51. Kg5 Ne3 52. Bb4+ Kd7 53. Be2
f4 {Of course, there was no need for such a drastic measure but GM Michael
Adams calculated everything accurately.} (53... Bc4 $144 54. Bxc4 (54. Bh5 Nf1)
54... Nxc4 55. Kxf5 {, and now, say,} Ke8 56. Kf6 Ne3 $11) 54. Bb5+ (54. gxf4
Nd5) 54... Kc8 55. Kxf4 Nd5+ 56. Ke5 Nxb4 57. Kxe6 Nc2 58. Bd7+ (58. g4 Nd4+)
58... Kd8 59. g4 Nd4+ 60. Kd6 Nf3 61. Bc6 Ng5 62. Ba4 Ne4+ 63. Ke6 Nc5+ 64. Kf7
Nxa4 65. g5 Nb6 66. g6 Nd5 67. g7 Ne7 68. g8=R+ Nxg8 69. Kxg8 1/2-1/2

[Event "Sinquefield Cup 2nd"]
[Site "Saint Louis"]
[Date "2014.09.03"]
[Round "7"]
[White "Vachier Lagrave, Maxime"]
[Black "Caruana, Fabiano"]
[Result "0-1"]
[WhiteElo "2768"]
[BlackElo "2801"]
[Annotator "Krasenkow,M"]
[PlyCount "78"]
[EventDate "2014.08.27"]
[EventType "tourn"]
[EventRounds "10"]
[EventCountry "USA"]
[EventCategory "23"]
[SourceTitle "CBM 162"]
[Source "ChessBase"]
[SourceDate "2014.09.17"]
[SourceVersion "1"]
[SourceVersionDate "2014.09.17"]
[SourceQuality "1"]

1. d4 d5 2. c4 e6 3. Nc3 Be7 4. Bf4 Nf6 5. e3 O-O 6. Rc1 Nbd7 (6... c5 {
is more popular here but the text move is quite good, too.}) 7. c5 $146 {
Already an untested position on the board! However, this novelty is quite
harmless.} (7. cxd5 exd5 8. Nb5 c6 9. Bc7 {doesn't work due to} Bb4+) (7. Nf3 {
leads to the 4.Nf3, 5.Bf4 system with the harmless 7.Rc1.}) 7... Ne4 (7... c6 {
[%cal Yb7b6] is another option.}) 8. Bd3 f5 (8... Nxc3 9. Rxc3 e5 $5 {was
apparently a simple way to get a good position:} 10. Bxe5 Nxe5 11. dxe5 b6 $1
12. cxb6 $140 Bb4) 9. Nf3 c6 {This position has already been seen in practice,
with a transposition of moves.} (9... g5 $5 10. Bg3 f4 11. Nxe4 dxe4 12. Bxe4
fxg3 13. hxg3 Rf7 14. Qc2 Nf6 15. Bd3 Rg7 {[%cal Yb7b6] - White's compensation
for the piece is under doubt.}) 10. Ne5 (10. h3 Bf6 11. O-O Qe8 12. Ne2 e5 13.
dxe5 Nxe5 14. Nxe5 Bxe5 15. Bxe5 Qxe5 16. b4 Bd7 17. f4 Qe7 18. Bxe4 Qxe4 19.
Qd2 Rfe8 20. Rf3 a5 $132 {1/2 (36) Kozul,Z (2624)-Lalic,B (2493) Bol na Bracu
2013}) (10. h4 $5) 10... Nxe5 11. Bxe5 Bf6 12. Bxf6 Qxf6 13. Ne2 e5 $1 {
[%mdl 32] A typical advance "reviving" the c8-bishop. After the pawn exchange,
despite White's control of the d4-square, he has no advantage.} 14. Qa4 $6 {
A strange move. White wanted to recapture with his queen in case of ...e5xd4
but probably forgot about his kingside.} (14. O-O exd4 15. Nxd4 Re8 $11) 14...
Qh4 (14... Qg6 $5 15. Bxe4 (15. O-O f4 $1 {[%cal Re4c5,Rf4f3]}) 15... fxe4 16.
O-O Bg4 17. Rc2 (17. Ng3 h5) 17... exd4 18. Qxd4 Bxe2 19. Rxe2 Rf6 $36) 15. g3
$6 {[%csl Rf3] An unnecessary weakening.} (15. O-O $142 {with a possible draw
after} Nd2 16. Rfd1 Ne4 17. Rf1) 15... Qg4 16. Rf1 (16. Qd1 {may be the lesser
evil. Surprisingly, White holds his ground:} exd4 (16... f4 $5 17. gxf4 exf4
18. Nxf4 Rxf4 19. Qxg4 Rxg4 20. f3 Nxc5 21. Rxc5 Rg2 22. Rc2 Bh3 23. Rf2 $11) (
16... Qf3 $5 17. Rf1 Qg2 18. dxe5 Qxh2 19. Nd4 Re8) 17. exd4 Qf3 (17... Re8 18.
O-O Ng5 19. f4 Ne4 20. Kg2 {[%cal Ye2g1,Yg1f3]}) 18. O-O Ng5 19. Nf4 Qxd1 20.
Rfxd1 Nf3+ 21. Kg2 Nxd4 22. Ba6 $1 bxa6 23. Rxd4 $44 {M.Notkin, M.Golubev})
16... Ng5 17. Kd2 $2 (17. Ng1 $142 f4 $1 18. dxe5 fxg3 19. Qxg4 gxf2+ 20. Rxf2
Bxg4 21. Rg2 Nf3+ 22. Nxf3 Bxf3 23. Rf2 {M.Notkin} Rae8 24. Kd2 Be4 $1 $17 {
[%csl Re5]} 25. Rxf8+ $140 Kxf8 26. Bxe4 dxe4 27. Rf1+ Kg8 28. Rf5 g6 29. Rg5
Kf7) 17... Nf3+ 18. Kc3 Nxh2 19. Rh1 Nf3 {White has lost a pawn without any
compensation, and his king is still unsafe.} 20. Qa5 Qg5 21. dxe5 Qe7 22. Nd4
Nxe5 23. b3 $2 (23. Kd2 $17) 23... b6 $1 24. cxb6 c5 {White's king collapses.}
25. Nb5 Bb7 26. bxa7 d4+ 27. exd4 Nxd3 28. Kxd3 Bxh1 29. Rxc5 Qe4+ 30. Kc4 Qe2+
31. Kb4 Qd2+ 32. Rc3 Bc6 33. a4 Bxb5 34. Kxb5 Qxd4 35. Rc7 Rfd8 36. Qb6 Rd5+
37. Ka6 Rd6 38. a5 Qd3+ 39. Kb7 Qd5+ 0-1